Central Library OPAC University of Rajshahi

বাংলাদেশের রাজনীতিতে রাজনীতিবিদের দল পরিবর্তনের প্রবণতা : (Record no. 77799)

MARC details
000 -LEADER
fixed length control field 01821nam a2200289 a 4500
001 - CONTROL NUMBER
control field 77799
003 - CONTROL NUMBER IDENTIFIER
rucl marc code BD-RjUL
005 - DATE AND TIME OF LATEST TRANSACTION
control field 20211209083028.0
008 - FIXED-LENGTH DATA ELEMENTS--GENERAL INFORMATION
fixed length control field 210117s2003 ben||||| m||| 00| 0 bg d
035 ## - SYSTEM CONTROL NUMBER
System control number (BD-RjUL)78025
040 ## - CATALOGING SOURCE
Original cataloging agency BD-RjUL
Language of cataloging ben /eng
Transcribing agency BD-RjUL
Modifying agency BD-RjUL
041 ## - LANGUAGE CODE
Language code of text/sound track or separate title ben
082 ## - DEWEY DECIMAL CLASSIFICATION NUMBER
Classification number 324.95492
Author mark and year NAB 2003
Edition number 23
100 ## - MAIN ENTRY--PERSONAL NAME
Personal name নাসরীন, জুলিয়া
9 (RLIN) 243662
245 10 - TITLE STATEMENT
Title বাংলাদেশের রাজনীতিতে রাজনীতিবিদের দল পরিবর্তনের প্রবণতা :
Remainder of title একটি পর্যালোচনা /
Statement of responsibility, etc. জুলিয়া নাসরীন ;
Linkage গবেষণা তত্ত্বাবধায়ক : আমিনুর রহমান
260 ## - PUBLICATION, DISTRIBUTION, ETC. (IMPRINT)
Place of publication, distribution, etc. রাজশাহী :
Name of publisher, distributor, etc. রাষ্ট্রবিজ্ঞান বিভাগ, রাজশাহী বিশ্ববিদ্যালয়,
Date of publication, distribution, etc. ২০০৩
300 ## - PHYSICAL DESCRIPTION
Pagination viii, ২৮১ পাতা ;
Size ২৯ সেমি.
502 ## - DISSERTATION NOTE
Dissertation note থিসিস (এম. ফিল.) -- রাষ্ট্রবিজ্ঞান বিভাগ, রাজশাহী বিশ্ববিদ্যালয়, ২০০৩
504 ## - BIBLIOGRAPHY, ETC. NOTE
Bibliography, etc গ্রন্থপঞ্জী : পাতা [২৬৫]-২৮১
600 ## - SUBJECT ADDED ENTRY--PERSONAL NAME
Titles and other words associated with a name
650 ## - SUBJECT ADDED ENTRY--TOPICAL TERM
Topical term or geographic name as entry element রাজনৈতিক দলগুলো
General subdivision ইতিহাস
Geographic subdivision বাংলাদেশ
9 (RLIN) 243663
Topical term or geographic name as entry element Political parties
General subdivision History
Geographic subdivision Bangladesh
9 (RLIN) 243664
651 ## - SUBJECT ADDED ENTRY--GEOGRAPHIC NAME
Geographic name বাংলাদেশ
General subdivision রাজনীতি ও সরকার
Chronological subdivision ১৯৭২-২০০১
9 (RLIN) 243893
Geographic name Bangladesh
General subdivision Politics and government
Chronological subdivision 1972-2001
9 (RLIN) 243894
700 ## - ADDED ENTRY--PERSONAL NAME
Personal name রহমান, আমিনুর, গবেষণা তত্ত্বাবধায়ক
942 ## - ADDED ENTRY ELEMENTS (KOHA)
Source of classification or shelving scheme Dewey Decimal Classification
Koha item type Theses
Holdings
Lost status Source of classification or shelving scheme Damaged status Not for loan Collection code Permanent Location Current Location Shelving location Date acquired Source of acquisition Total Checkouts Full call number Date last seen Copy number Koha item type
  Dewey Decimal Classification   Not For Loan Theses Central Library, University of Rajshahi Central Library, University of Rajshahi Documentation Section 08/07/2004 Controller of Exam. R.U   BTHE 324.95492 NAB 2003 17/01/2021 C-1 Theses